| 000 | 01836nam a2200253Ia 4500 | ||
|---|---|---|---|
| 008 | 260220t1983||||xx |||||||||||||| ||spa|| | ||
| 040 |
_aPY-SlUNAC _bspa _erda |
||
| 041 | _aspa | ||
| 082 |
_a581.098 61 _bF661c |
||
| 100 |
_aPinto, Pilidoro _eAutor |
||
| 245 | 0 |
_aFlora de Colombia / _cpor Pilidoro Pinto [Editor] y Pedro M. Ruíz [Editor] |
|
| 264 |
_aBogotá : _bUniversidad Nacional de Colombia, _c℗1983. |
||
| 300 | _a1 volumen | ||
| 520 | _aEl libro "Flora de Colombia" de Pilidoro Pinto es una obra fundamental que aborda la biodiversidad vegetal del país suramericano, ofreciendo un exhaustivo catálogo de las especies de flora presentes en Colombia. Publicado por la Universidad Nacional de Colombia en 1983, el texto se caracteriza por su enfoque sistemático y detallado, proporcionando descripciones morfológicas, taxonómicas y ecológicas de las plantas, así como su distribución geográfica dentro del territorio colombiano. Pinto, a través de su meticuloso trabajo de campo y revisión bibliográfica, contribuye significativamente al conocimiento botánico del país, resaltando la importancia de la conservación de los ecosistemas y la riqueza natural de Colombia. Además, el libro sirve como una herramienta valiosa para investigadores, estudiantes y profesionales en el área de la botánica y la ecología, facilitando el estudio y la identificación de especies. En este sentido, "Flora de Colombia" se convierte en un referente indispensable para la comprensión y preservación de la biodiversidad en la región. | ||
| 651 | _aColombia | ||
| 653 | _aBiodiversidad | ||
| 653 | _aFlora | ||
| 700 |
_aRuíz, Pedro M. _eEditor |
||
| 942 |
_b2026/02/17 _cBK |
||
| 999 |
_c8250 _d8250 |
||